[Event "Wch U16"]
[Site "Montevideo"]
[Date "2017.09.26"]
[Round "11"]
[White "Appoloni, Facundo Jose"]
[Black "Guichaman Andrade, Pablo"]
[Result "1-0"]
[WhiteElo "1620"]
[BlackElo "1685"]
[PlyCount "101"]
[EventDate "2017.09.17"]
[EventType "swiss"]
[EventRounds "11"]
[EventCountry "URU"]
[SourceTitle "EXT 2018"]
[Source "ChessBase"]
[SourceDate "2017.10.13"]
[SourceVersion "1"]
[SourceVersionDate "2017.10.13"]
[SourceQuality "1"]

1. d4 e6 2. c4 f5 3. Nc3 Nf6 4. g3 Bb4 5. Bg2 0-0 6. Qc2 d6 7. Nf3 Qe8 8. 0-0 Bxc3 9. bxc3 Nbd7 10. Ba3 Nb6 11. Nd2 Qa4 12. Qb3 Re8 13. f3 Qxb3 14. axb3 Bd7 15. e4 fxe4 16. fxe4 e5 17. d5 Bg4 18. c5 dxc5 19. Bxc5 Nc8 20. Rfe1 b6 21. Bf2 Nd6 22. c4 Nb7 23. Ra2 Bd7 24. Rea1 a5 25. b4 Ng4 26. Bh3 Nf6 27. Bxd7 Nxd7 28. bxa5 Nxa5 29. Nb3 Nf6 30. Nxa5 bxa5 31. Rxa5 Rxa5 32. Rxa5 Nxe4 33. Ra7 Nxf2 34. Kxf2 Rc8 35. Ke3 Kf8 36. Ke4 Ke7 37. Kxe5 Kd7 38. d6 Kc6 39. Rxc7+ Rxc7 40. dxc7 Kxc7 41. Kd5 Kd7 42. c5 g5 43. g4 Kc7 44. c6 Kc8 45. Kd6 Kd8 46. c7+ Kc8 47. Kc6 h6 48. h3 h5 49. gxh5 g4 50. h6 gxh3 51. h7 1-0

[Event "Wch U16"]
[Site "Montevideo"]
[Date "2017.09.20"]
[Round "5"]
[White "Guichaman Andrade, Pablo"]
[Black "Mikkelsen, Max"]
[Result "1/2-1/2"]
[WhiteElo "1685"]
[BlackElo "1873"]
[PlyCount "136"]
[EventDate "2017.09.17"]
[EventType "swiss"]
[EventRounds "11"]
[EventCountry "URU"]
[SourceTitle "CBM 180 Extra"]
[Source "ChessBase"]
[SourceDate "2017.10.06"]
[SourceVersion "1"]
[SourceVersionDate "2017.10.06"]
[SourceQuality "1"]

1. Nf3 e6 2. g3 b6 3. Bg2 Bb7 4. 0-0 f5 5. d3 Nf6 6. Nbd2 Be7 7. e3 0-0 8. Ne5 Bxg2 9. Kxg2 d5 10. Qe2 Bd6 11. Nef3 e5 12. e4 fxe4 13. dxe4 d4 14. Nc4 Qe7 15. Nh4 g6 16. Bh6 Re8 17. Bg5 Nbd7 18. Rae1 Qe6 19. b3 Bb4 20. Bd2 Bxd2 21. Nxd2 Nc5 22. Nhf3 Rad8 23. Ng5 Qe7 24. Qc4+ Kg7 25. h4 d3 26. c3 a5 27. f4 exf4 28. Rxf4 Ne6 29. Nxe6+ Qxe6 30. Qxc7+ Rd7 31. Qc4 Qxc4 32. Nxc4 d2 33. Rd1 Nxe4 34. Rf3 b5 35. Nb2 Rc8 36. c4 b4 37. Na4 Rcd8 38. Kf1 Rf8 39. Rxf8 Kxf8 40. Ke2 Nc3+ 41. Nxc3 bxc3 42. Rf1+ Kg8 43. Kd1 Re7 44. a3 Re5 45. g4 Kg7 46. h5 Kh6 47. c5 Rxc5 48. Kc2 Re5 49. Rd1 Rc5 50. b4 axb4 51. axb4 Rc8 52. hxg6 hxg6 53. b5 Kg5 54. b6 Kxg4 55. b7 Rb8 56. Kxc3 Rxb7 57. Kxd2 g5 58. Rg1+ Kf5 59. Ke3 Rb3+ 60. Kf2 Kf4 61. Rc1 Rb2+ 62. Kg1 g4 63. Rc4+ Kg3 64. Rc3+ Kh4 65. Rc1 Kh3 66. Rc3+ g3 67. Rc1 Rg2+ 68. Kh1 Ra2 1/2-1/2